000 005090000a22001930004500
001 003817
003 MACL
005 20150729152145.0
008 150729b xxu||||| |||| 00| 0 eng d
040 _aMACL
_cMACL
041 _aEnglish
082 _a340/RAJ
100 _aRajan, Mohan Sundara
_9695
245 _aUnited Nations at 50 And Beyond
_cMohan Sundara Rajan
260 _aNew Delhi
_c1996
_bThe Indian Society of International law,
350 _a480
650 _aLaw
_93236
942 _k340
_cBK
_2ddc
999 _c15710
_d15710